Les Horcruxes dans Harry Potter - Mort Subite - Statistiques

Statistiques générales
  • Ce quiz a été pris 172 fois
  • Le résultat moyen est 5 sur 7
Answers on the Grid
Answers color-coded by a green-red scale on the quiz's grid according to % correct below.
Le Journal intime de Tom Jedusor
La cicatrice de Harry
La Bague des Gaunt
Le Médaillon de Serpentard
La Coupe de Helga Poufsouffle
Le Diadème de Serdaigle
Nagini
Dobby
L'Épée de Godric Gryffondor
La Cape d'invisibilité
La Pierre philosophale
La Baguette de Sureau
Le Portoloin
Le Basilic
L'Œuf Doré
Le Miroir du Risèd
 
Statistiques - réponses
Réponse % Correct
Le Journal intime de Tom Jedusor
86%
Le Diadème de Serdaigle
84%
Nagini
83%
La Coupe de Helga Poufsouffle
76%
La Bague des Gaunt
73%
La cicatrice de Harry
73%
Le Médaillon de Serpentard
71%
Aucun quiz correspondant
Distribution des résultats
% des personnes avec chaque résultat
Percentile par nombre de réponses
Votre historique - résultats
Vous n’avez pas pris ce quiz